|
|
|
|
| LEADER |
04413nam a22003973i 4500 |
| 001 |
EBC7024798 |
| 003 |
MiAaPQ |
| 005 |
20231204023226.0 |
| 006 |
m o d | |
| 007 |
cr cnu|||||||| |
| 008 |
231204s2022 xx o ||||0 ger d |
| 020 |
|
|
|a 9783839462157
|q (electronic bk.)
|
| 020 |
|
|
|z 9783732862153
|
| 035 |
|
|
|a (MiAaPQ)EBC7024798
|
| 035 |
|
|
|a (Au-PeEL)EBL7024798
|
| 035 |
|
|
|a (OCoLC)1322126173
|
| 040 |
|
|
|a MiAaPQ
|b eng
|e rda
|e pn
|c MiAaPQ
|d MiAaPQ
|
| 100 |
1 |
|
|a Baumert, Felix.
|
| 245 |
1 |
4 |
|a Die Entdeckung der Gestaltbarkeit :
|b Gesellschaftstheorien bei Alexis de Tocqueville, Karl Marx und Max Weber.
|
| 250 |
|
|
|a 1st ed.
|
| 264 |
|
1 |
|a Bielefeld :
|b transcript,
|c 2022.
|
| 264 |
|
4 |
|c ©2022.
|
| 300 |
|
|
|a 1 online resource (393 pages)
|
| 336 |
|
|
|a text
|b txt
|2 rdacontent
|
| 337 |
|
|
|a computer
|b c
|2 rdamedia
|
| 338 |
|
|
|a online resource
|b cr
|2 rdacarrier
|
| 490 |
1 |
|
|a Edition Politik
|
| 505 |
0 |
|
|a Cover -- Inhalt -- 1. Einleitung -- 2. Historischer Kontext -- 3. Demokratische Revolution -- 3.1 Demokratische Revolution als historische Entwicklung -- 3.2 Die verschiedenen Erfahrungen mit der Demokratisierung -- 3.2.1 Macht der Mehrheit -- 3.2.2 Tyrannei der Mehrheit -- 3.2.3 Gesellschaftliche Mobilität, Individualismus und Materialismus -- 4. Die bürgerliche Mittelstandsgesellschaft als despotisme démocratique -- 4.1 Ökonomische Dynamik und politische Erstarrung -- 4.2 Die despotisme démocratique -- 5. Politik als bürgerliches Eigeninteresse -- 5.1 Verschiedene Erfahrungsräume von Politik -- 5.1.1 Politische Vereinigungen -- 5.1.2 Dezentrale Verwaltungsstruktur -- 5.1.3 Bürgerliche Vereinigungen -- 5.1.4 Freiheit des Ausdrucks -- 5.1.5 Geschworenengerichte -- 5.1.6 Der allgemeine Rechtsgedanke -- 5.1.7 Religion -- 5.2 Die politische Bürgergesellschaft als Ausdruck des individuellen Interesses -- 5.2.1 Über die Freiheit in der politischen Bürgergesellschaft -- 5.2.2 Die neue politische Wissenschaft -- 6. Historischer Gegensatz und historische Entwicklung -- 6.1 Die Grundlagen der Produktion -- 6.2 Die Produktion von Mehrwert -- 6.3 Die kapitalistische Produktion als historisches Ergebnis -- 6.4 Die Strukturprinzipien der bürgerlichen Gesellschaft als historische Zwangsläufigkeit -- 6.4.1 Reproduktion der kapitalistischen Verhältnisse -- 6.4.2 Die produzierte Entfremdung -- 6.4.3 Isolation eigentlich sozialer Wesen -- 6.4.4 Die Entwicklung von Reichtum und Elend -- 6.4.5 Der kapitalistische Wachstumszwang -- 6.4.6 Geld und Privateigentum -- 7. Bürgerliche Gesellschaft und Despotie des Kapitals -- 7.1 Die bürgerliche Klassengesellschaft -- 7.2 Der Überbau der kapitalistischen Verhältnisse -- 7.3 Charaktermasken und Individualität -- 7.4 Despotie des Kapitals -- 8. Radikal‐revolutionäre Politik.
|
| 505 |
8 |
|
|a 8.1 Die Zuspitzung des Gegensatzes als Möglichkeit und Notwendigkeit -- 8.2 Das Proletariat als politischer Akteur -- 8.3 Ein zwangsläufiges Ziel -- 8.4 Radikal‐revolutionäre Politik und die Folgen -- 9. Historische Entwicklung der Rationalisierung -- 9.1 Prädestination und Beruf -- 9.2 Rationalisierung und Wertepluralismus -- 9.3 Methodisch‐rationale Lebensführung -- 9.4 Der neue Geist des Kapitalismus -- 9.5 Der rationale Betriebskapitalismus -- 9.6 Bürokratische Herrschaft als Ausdruck rationaler Lebensführung -- 9.7 Die okzidentale Stadt -- 10. Die moderne bürgerliche Gesellschaft als stählernes Gehäuse -- 10.1 Der moderne bürokratische Staat -- 10.2 Die Bürokratisierung der Politik -- 10.3 Das stählerne Gehäuse -- 11. Elitäre Politik -- 11.1 Die institutionelle Ertüchtigung der Politik -- 11.2 Die elitäre Erweckung der Politik -- 11.3 Elitäre Politik in der plebiszitären Führerdemokratie -- 12. Schluss -- Danksagung -- Literatur.
|
| 588 |
|
|
|a Description based on publisher supplied metadata and other sources.
|
| 590 |
|
|
|a Electronic reproduction. Ann Arbor, Michigan : ProQuest Ebook Central, 2023. Available via World Wide Web. Access may be limited to ProQuest Ebook Central affiliated libraries.
|
| 655 |
|
4 |
|a Electronic books.
|
| 776 |
0 |
8 |
|i Print version:
|a Baumert, Felix
|t Die Entdeckung der Gestaltbarkeit
|d Bielefeld : transcript,c2022
|z 9783732862153
|
| 797 |
2 |
|
|a ProQuest (Firm)
|
| 830 |
|
0 |
|a Edition Politik
|
| 856 |
4 |
0 |
|u https://ebookcentral.proquest.com/lib/matrademy/detail.action?docID=7024798
|z Click to View
|